Cities of art : (Record no. 196)

MARC details
000 -LEADER
fixed length control field 01157cam a22003737a 4500
001 - CONTROL NUMBER
control field 16154202
003 - CONTROL NUMBER IDENTIFIER
control field OSt
005 - DATE AND TIME OF LATEST TRANSACTION
control field 20230602152119.0
008 - FIXED-LENGTH DATA ELEMENTS--GENERAL INFORMATION
fixed length control field 100325s2009 it ab 001 0 eng d
020 ## - INTERNATIONAL STANDARD BOOK NUMBER
International Standard Book Number 885720121X
020 ## - INTERNATIONAL STANDARD BOOK NUMBER
International Standard Book Number 9788857201214
035 ## - SYSTEM CONTROL NUMBER
System control number (OCoLC)ocn318870731
040 ## - CATALOGING SOURCE
Original cataloging agency C3L
Transcribing agency C3L
Modifying agency ITJCU
-- IUL
-- DLC
042 ## - AUTHENTICATION CODE
Authentication code lccopycat
043 ## - GEOGRAPHIC AREA CODE
Geographic area code e-it---
050 00 - LIBRARY OF CONGRESS CALL NUMBER
Classification number N6921.M6
Item number C48 2009
082 ## - DEWEY DECIMAL CLASSIFICATION NUMBER
Classification number 307.4521
Item number DAD
245 00 - TITLE STATEMENT
Title Cities of art :
Remainder of title Milan /
Statement of responsibility, etc. edited by Roberta D'Adda.
246 30 - VARYING FORM OF TITLE
Title proper/short title Milan
260 ## - PUBLICATION, DISTRIBUTION, ETC. (IMPRINT)
Place of publication, distribution, etc. Milano :
Name of publisher, distributor, etc. Skira,
Date of publication, distribution, etc. 2009.
300 ## - PHYSICAL DESCRIPTION
Extent 182 p. :
Other physical details col. ill. ;
Dimensions 22 cm. +
Accompanying material 1 loose fold. map.
490 1# - SERIES STATEMENT
Series statement Guides Skira.
500 ## - GENERAL NOTE
General note Italian ed. also avail. (see our card no. 08639434, EAN 978-88-6130-665-3).
500 ## - GENERAL NOTE
General note Milan (Lombardy).
504 ## - BIBLIOGRAPHY, ETC. NOTE
Bibliography, etc Contains place index.
650 #0 - SUBJECT ADDED ENTRY--TOPICAL TERM
Topical term or geographic name as entry element Art, Italian
Geographic subdivision Italy
-- Milan
Form subdivision Guidebooks.
650 #0 - SUBJECT ADDED ENTRY--TOPICAL TERM
Topical term or geographic name as entry element Art
Geographic subdivision Italy
-- Milan.
700 1# - ADDED ENTRY--PERSONAL NAME
Personal name D'Adda, Roberta.
830 #0 - SERIES ADDED ENTRY--UNIFORM TITLE
Uniform title Guides Skira.
906 ## - LOCAL DATA ELEMENT F, LDF (RLIN)
a 7
b cbc
c copycat
d 3
e ncip
f 20
g y-gencatlg
942 ## - ADDED ENTRY ELEMENTS (KOHA)
Source of classification or shelving scheme Dewey Decimal Classification
Koha item type Books
Holdings
Withdrawn status Lost status Source of classification or shelving scheme Damaged status Not for loan Home library Current library Date acquired Total Checkouts Full call number Barcode Date last seen Price effective from Koha item type
    Dewey Decimal Classification     Bunge Tower Library Bunge Tower Library 06/02/2023   307.4521 DAD 10014973 06/02/2023 06/02/2023 Books
LIBRARY OPENING HOURS

When the Parliament is sitting: 8.00a.m - 7.00p.m or until the house adjourns
Mondays and Fridays and when the House is on Recess:  8.00a.m - 5.00p.m
Closed on Weekends and Public Holidays

Online Public Access Catalog (OPAC)
Website: http://www.parliament.go.ke
Bunge Library: https://libraryir.parliament.go.ke
Contact: library@parliament.go.ke | Tel no: (254-2)2221291 or 2848000 Ext 5043